Statystyki dla Kości

Kliknij tutaj aby rozwiązać quiz!

Ogólne statystyki

  • Ten quiz został rozwiązany 41 razy
    (24 od ostatniego zresetowania)
  • Średni wynik to 38 z 62

Statystyki odpowiedzi

Odpowiedź% Poprawnych
kościec udakość udowa
94%
kościec podudziakość piszczelowa
88%
kościec podudziakość strzałkowa
88%
kości mózgoczaszkikość czołowa
82%
kościec biodrakość miednicza
82%
kości mózgoczaszkikość potyliczna
82%
obręczłopatka
82%
kosteczki słuchowestrzemiączko
82%
kości mózgoczaszkikość ciemieniowa
76%
kości twarzoczaszkikość nosowa
76%
kości mózgoczaszkikość skroniowa
76%
kosteczki słuchowemłoteczek
76%
obręczobojczyk
76%
kościec udarzepka
76%
przedramiękość łokciowa
71%
przedramiękość promieniowa
71%
ramiękość ramienna
71%
kosteczki słuchowekowadełko
71%
kręgosłupkręgi piersiowe (12) Th
71%
kręgosłupkręgi szyjne (7) C
71%
kości twarzoczaszkiszczęka
71%
kości twarzoczaszkiżuchwa
71%
kości mózgoczaszkikość klinowa
65%
kręgosłupkręgi lędźwiowe (5) L
65%
klatka piersioważebra prawdziwe (1-7)
65%
klatka piersioważebra rzekome (8-12)
65%
kości nadgarstkakość główkowata
59%
kości nadgarstkakość haczykowata
59%
kości twarzoczaszkikość jarzmowa
59%
kościec biodrakość krzyżowa
59%
kości nadgarstkakość księżycowata
59%
kości stępukość łódkowata
59%
kości stępukość piętowa
59%
kości nadgarstkakość trójgraniasta
59%
kręgosłupkręgi krzyżowe (5) S
59%
(klatka piersiowa)(żebra wolne (11-12))
59%
kości nadgarstkakość czworoboczna mniejsza
53%
kości nadgarstkakość czworoboczna większa
53%
kości nadgarstkakość grochowata
53%
kościec biodrakość guziczna
53%
kości nadgarstkakość łódeczkowata
53%
kości twarzoczaszkikość łzowa
53%
kręgosłupkręgi guziczne (4-5) Co, K
53%
paliczkipaliczki bliższe
53%
paliczkipaliczki bliższe
53%
paliczkipaliczki dalsze
53%
paliczkipaliczki dalsze
53%
paliczkipaliczki środkowe
53%
paliczkipaliczki środkowe
53%
mostektrzon mostka
53%
kości śródręczaI-V kość sródręcza
47%
kości stępukość klinowata boczna
47%
kości stępukość klinowata przyśrodkowa
47%
kości stępukość skokowa
47%
kości stępukość sześcienna
47%
kości śródstopiaI-V kość śródstopia
41%
kości stępukość klinowata pośrednia
41%
kości twarzoczaszkikość sitowa
41%
mostekrękojeść mostka
41%
mostekwyrostek mieczykowaty
41%
kości twarzoczaszkipodniebienie
24%
(klatka piersiowa)(łuk żebrowy (8-10))
18%

Rozkład punktacji

Percentyl według liczby udzielonych odpowiedzi

Procent ludzi z każdym wynikiem

Twoja historia wyników

Nie rozwiązałeś tego quizu od ostatniego zresetowania